000 00565nam a22001937a 4500
005 20230529070729.0
008 221205b |||||||| |||| 00| 0 eng d
020 _a978-971-9617-09-9
082 _aFil. 641.59599 G634 2014
100 _aFlores, Eva N.
_eauthor
245 _aCulinary tricks:
_bfor Filipino dishes /
_cEva Nebril-Flores
250 _a2nd ed.
260 _aQuezon Cityi:
_bWiseman's Book Trading,
_cc2014.
300 _axi, 233p.;
_bill.
504 _aIncludes bibliographies
541 _e5288
650 _aPhilippine cooking
650 _amenus
999 _c310
_d310